| 000 | nam a22 7a 4500 | ||
|---|---|---|---|
| 999 |
_c25756 _d25756 |
||
| 008 | 170201b xxu||||| |||| 00| 0 eng d | ||
| 050 | _aNC 730 .L6 1958 | ||
| 100 | _aLoomis, Andrew. | ||
| 245 |
_aThree-dimensionnal drawing: _brevised edition of successful drawing/ _cAndrew Loomis. |
||
| 260 |
_aNewYork : _bThe Viking press, _c1958. |
||
| 300 |
_a160p. : _bill. ; _c31cm. |
||
| 500 | _aInclude index. | ||
| 650 | _aArt. | ||
| 942 |
_2lcc _cBOOKS |
||